| 000 -LEADER | |
|---|---|
| fixed length control field | 00385nam a22001457a 4500 |
| 005 - DATE AND TIME OF LATEST TRANSACTION | |
| control field | 20240109161614.0 |
| 008 - FIXED-LENGTH DATA ELEMENTS--GENERAL INFORMATION | |
| fixed length control field | 190405b xxu||||| |||| 00| 0 eng d |
| 020 ## - INTERNATIONAL STANDARD BOOK NUMBER | |
| ISBN | 978-93-81595-12-1 |
| 041 ## - LANGUAGE CODE | |
| Language code of text/sound track or separate title | eng |
| 100 ## - MAIN ENTRY--AUTHOR NAME | |
| Personal name | BOTHARA, DR. K.G. AND BOTHARA, DR . K.K. |
| 245 ## - TITLE STATEMENT | |
| Title | FUNDAMENTALS OF PHARMACOGLOGY - VOLUME-II |
| 260 ## - PUBLICATION, DISTRIBUTION, ETC. (IMPRINT) | |
| Place of publication | PUNE |
| Name of publisher | NIRALI PRAKASHAN |
| 300 ## - PHYSICAL DESCRIPTION | |
| Number of Pages | I.12p, |
| 942 ## - ADDED ENTRY ELEMENTS (KOHA) | |
| Koha item type | Books |
| Lost status | Damaged status | Collection code | Home library | Current library | Shelving location | Date acquired | Source of acquisition | Cost, normal purchase price | Accession Number | Koha item type | Full call number |
|---|---|---|---|---|---|---|---|---|---|---|---|
| PHARMACY | JRU Library | JRU Library | Shelf - 21- C | 05/04/2019 | PURCHESS | 375.00 | 22615 | Books | |||
| PHARMACY | JRU Library | JRU Library | Shelf - 21- C | 05/04/2019 | PURCHESS | 375.00 | 22616 | Books | 615 | ||
| PHARMACY | JRU Library | JRU Library | Shelf - 21- C | 05/04/2019 | PURCHESS | 375.00 | 22617 | Books | 615 | ||
| PHARMACY | JRU Library | JRU Library | Shelf - 21- C | 05/04/2019 | PURCHESS | 375.00 | 22618 | Books | 615 | ||
| Reference | JRU Library | JRU Library | SHELF-4-A | 05/04/2019 | PURCHESS | 375.00 | 22619 | Books |